Resistance to glyphosate in populations of Digitaria insularis (Registro n. 9047)
[ somente texto ]
| 000 -LÍDER | |
|---|---|
| fixed length control field | 04609nab a2200289 i 4500 |
| 003 - CÓDIGO MARC DA AGÊNCIA CATALOGADORA | |
| Campo de controle | BR-BrBNA |
| 005 - DATA E HORA DA ÚLTIMA ATUALIZAÇÃO | |
| Campo de controle | 20230904144534.0 |
| 008 - CAMPO DE TAMANHO FIXO | |
| fixed length control field | 230508b2018 bl.ar|pooa||| 00| 0 eng | |
| 040 ## - FONTE DA CATALOGAÇÃO | |
| Agência catalogadora | BR-BrBNA |
| Idioma da catalogação | eng |
| 072 ## - CATEGORIA AGRIS | |
| Código AGRIS | H60 |
| Código do objeto | 3876 |
| 100 ## - ENTRADA PRINCIPAL - NOME PESSOAL | |
| Nome pessoal | Costa, N.V. |
| 100 ## - ENTRADA PRINCIPAL - NOME PESSOAL | |
| Nome pessoal | Moratelli, G. |
| 100 ## - ENTRADA PRINCIPAL - NOME PESSOAL | |
| Nome pessoal | Ferreira, S.D. |
| 100 ## - ENTRADA PRINCIPAL - NOME PESSOAL | |
| Nome pessoal | Salvalaggio, A.C. |
| 100 ## - ENTRADA PRINCIPAL - NOME PESSOAL | |
| Nome pessoal | Rodrigues-Costa, A.C.P. |
| 245 ## - TÍTULO PRINCIPAL | |
| Título principal | Resistance to glyphosate in populations of Digitaria insularis |
| 500 ## - NOTA GERAL | |
| Nota geral | Publicação on-line; 14 ref.; 3 tables; 4 illus.; Summaries (En, Pt) |
| 942 ## - ADDED ENTRY ELEMENTS (KOHA) | |
| Koha item type | |
| 520 ## - NOTA DE RESUMO | |
| Nota de conteúdo | <br/><br/>ABSTRACT - The intensive use of glyphosate can select resistant populations.<br/>This study aimed at evaluating the occurrence of glyphosate resistance in populations<br/>of D. insularis in agricultural areas. Three experiments were conducted in randomized<br/>block experimental design with four replications. The Resistance Degree (RD) was<br/>determined by a dose-response curve in the evaluated populations: Experiment 2012,<br/>São Camilo (R01 and R02) and Palotina (R03, R04 and S05-susceptible); Experiment<br/>2013 Palotina (R06 and R12), Katueté/Paraguay (R07), Toledo (R08 and R10), Cascavel<br/>(R09), São Miguel do Iguaçu (R11), Dom Eliseu/Pará (S13-susceptible); Experiment<br/>2015 Nova Aurora (R14), Iracema do Oeste (R15 and R16), Jesuitas (R17 and R18),<br/>Tupãssi (R19), Jotaesse (R20), Espigão Azul (R21) and Palmitopolis (S22- susceptible).<br/>In 2012, it was possible to confirm a moderate resistance (RD = 1.1 to 5.0) only in R03;<br/>and populations R01, R02 and R04 were highly resistant (RD>5.0). In 2013, populations<br/>R09, R10, R11 and R12 showed resistance, while R06, R07 and R08 were highly<br/>resistant. In 2015, the R14, R16, R18, R19 and R20 populations showed<br/>moderateresistance, and R15 and R18 were highly resistant. Only R21 was susceptible.<br/>It was found that 83% of producers use the no-tillage system, 100% use the succession<br/>soybean/corn with 90% transgenic varieties, 45% of producers cannot explain the<br/>procedure regulation/sprayer calibration. Around 62% use practices to prevent the<br/>selection of resistant biotypes. Resistance was confirmed in 89.5% of the populations.<br/>The adopted agronomic practices may explain these results.<br/><br/>Keywords: sourgrass, agricultural practices, weed, herbicide. |
| 520 ## - NOTA DE RESUMO | |
| Nota de conteúdo | <br/><br/>RESUMO - O uso intensivo de glyphosate pode selecionar populações resistentes.<br/>Objetivou-se neste estudo avaliar a ocorrência de resistência em populações de<br/>D. insularis ao glyphosate em áreas agrícolas. Foram realizados três experimentos<br/>no delineamento experimental de blocos ao acaso com quatro repetições. O Grau<br/>de Resistência (GR) foi determinado por meio de curva de dose-resposta nas<br/>populações avaliadas: Experimento 2012: São Camilo (R01 e R02) e Palotina<br/>(R03, R04 e S05-suscetível); Experimento 2013: Palotina (R06 e R12), Katuete/<br/>Paraguai (R07), Toledo (R08 e R10), Cascavel (R09), São Miguel do Iguaçu<br/>(R11) e Dom Eliseu/Pará (S13-suscetível); Experimento 2015: Nova Aurora (R14),<br/>Iracema do Oeste (R15 e R16), Jesuítas (R17 e R18), Tupãssi (R19), Jotaesse<br/>(R20), Espigão Azul (R21) e Palmitópolis (S22-suscetítel). Em 2012 foi confirmada<br/>resistência moderada (GR=1,1 a 5,0) apenas na R03, sendo que as populações<br/>R01, R02 e R04 foram altamente resistentes (GR>5,0). Em 2013, as populações<br/>R09, R10, R11 e R12 apresentaram resistência moderada, enquanto R06, R07 e<br/>R08 mostraram-se altamente resistentes. Em 2015, as populações R14, R16, R18,<br/>R19 e R20 apresentaram-se moderadamente resistentes, e R15 e R18 foram altamente<br/>resistentes. Apenas a R21 foi suscetível. Verificou-se que 83% dos produtores<br/>utilizam plantio direto, 100% utilizam a sucessão soja/milho com 90% de variedades transgênicas e<br/>45% dos produtores não sabem explicar o procedimento regulagem/calibração do pulverizador. Cerca<br/>de 62% utilizam práticas para evitar a seleção de biótipos resistentes. Foram confirmadas resistências<br/>em 89,5% das populações. As práticas agronômicas adotadas podem justificar esses resultados.<br/><br/>Palavras-chave: capim-amargoso, práticas agrícolas, planta daninha, herbicida. |
| 650 ## - ASSUNTO - THESAGRO | |
| Cabeçalho tópico ou nome geográfico | CAPIM GORDO |
| 650 ## - ASSUNTO - THESAGRO | |
| Cabeçalho tópico ou nome geográfico | ERVA DANINHA |
| 650 ## - ASSUNTO - THESAGRO | |
| Cabeçalho tópico ou nome geográfico | HERBICIDA |
| 773 0# - ENTRADA ANALÍTICA | |
| Host Biblionumber | 886 |
| Registro do item | 1815 |
| Imprenta | Londrina-PR : Sociedade Brasileira da Ciência das Plantas Daninhas, 1978 |
| Outro identificador | 2023-031022 |
| Título | Planta Daninha (Brazil) |
| ISSN | 0100-8358; 1806-9681 (on-line) |
| Colação | v. 36 p.1-9; (2018) |
| Número de controle de registro | BR2023000130 |
| 856 ## - ACESSO E ENDEREÇO ELETRÔNICO | |
| Identificador uniforme de recurso - URI | https://www.scielo.br/j/pd/a/vPKXywWcqbRkP9tnLHHnQBf/?format=pdf&lang=en |
Nenhum exemplar disponível.

BINAGRI